00717nam a2200205Ia 4500008004100000020001500041050001800056100002700074240003100101245003900132250001900171260003500190300001800225336001000243337001400253338001200267505017700279650001600456700003900472120720s1999 mx 000 0 spa d a9682301351 aP99bG85 19991 aGuiraud, Pierreeautor13aLa sémiologielespañol13aLa Semiologíac / Pierre Guiraud a24a. edición aMéxicob : Siglo XXIc, 1999 a133 páginas atexto asin medio avolumen aFunciones y "media" La significación: forma y sustancia del signo Los códigos lógicos Los códigos estéticos Los códigos sociales Mitologías de nuestro tiempo 14aSEMIÓTICA aPoyrazian, Maria Teresaetraductor